000 00465nam a2200217Ia 4500
003 IT-RoPAU
008 120407s9999 xx 000 0 und d
040 _aIT-RoPAU
040 _cIT-RoPAU
041 _aita
100 _aHans Urs von Balthasar
245 _aAntico patto
250 _aMilano
260 _aJaka Book
300 _a356 p.
300 _c24 cm
490 _aGloria. Una estetica teologica
490 _v68
942 _cBK
999 _c33306
_d33306